<?xml version="1.0" encoding="UTF-8"?><?xml-stylesheet type="text/xsl" href="static/style.xsl"?><OAI-PMH xmlns="http://www.openarchives.org/OAI/2.0/" xmlns:xsi="http://www.w3.org/2001/XMLSchema-instance" xsi:schemaLocation="http://www.openarchives.org/OAI/2.0/ http://www.openarchives.org/OAI/2.0/OAI-PMH.xsd"><responseDate>2026-04-17T07:40:40Z</responseDate><request verb="GetRecord" identifier="oai:www.recercat.cat:2099.1/15159" metadataPrefix="marc">https://recercat.cat/oai/request</request><GetRecord><record><header><identifier>oai:recercat.cat:2099.1/15159</identifier><datestamp>2025-07-22T21:28:31Z</datestamp><setSpec>com_2072_1033</setSpec><setSpec>col_2072_452951</setSpec></header><metadata><record xmlns="http://www.loc.gov/MARC21/slim" xmlns:dcterms="http://purl.org/dc/terms/" xmlns:xsi="http://www.w3.org/2001/XMLSchema-instance" xmlns:doc="http://www.lyncode.com/xoai" xsi:schemaLocation="http://www.loc.gov/MARC21/slim http://www.loc.gov/standards/marcxml/schema/MARC21slim.xsd">
   <leader>00925njm 22002777a 4500</leader>
   <datafield ind2=" " ind1=" " tag="042">
      <subfield code="a">dc</subfield>
   </datafield>
   <datafield ind2=" " ind1=" " tag="720">
      <subfield code="a">Madrid Rentero, Carolina</subfield>
      <subfield code="e">author</subfield>
   </datafield>
   <datafield ind2=" " ind1=" " tag="260">
      <subfield code="c">2011-06-28</subfield>
   </datafield>
   <datafield ind2=" " ind1=" " tag="520">
      <subfield code="a">Els docents tenen sens dubte una tasca difícil, alumnes amb capacitats molt diferents, nens que &#xd;
tenen necessitats educatives especials, alumnes en situació de risc social, alumnes amb altes &#xd;
capacitats, alumnes d’altres cultures i llengües, alguns que estan motivats, uns altres que no estan &#xd;
interessats, etc..., cadascú d’ells és diferent al del costat. Nosaltres, com a futurs mestres hem de &#xd;
ser capaços de poder atendre’ls i poder oferir-les el que necessiten a cada moment. Aquesta no és &#xd;
una tasca fàcil però si necessària i importantíssima. Perquè això sigui possible l’administració per &#xd;
una banda ha de ser capaç de donar els recursos materials i humans perquè el resultat d’aquest &#xd;
esforç personal no caigui en el desànim , ja que el fet educatiu acaba per convertir-se en una cursa &#xd;
en solitari d’aquells que lluiten per millorar i canviar les coses.  &#xd;
El nostre IES vol canviar alguna cosa, i és d’això que parlem en aquest projecte. Volem com a &#xd;
centre docent, un canvi en la visió cap a la protecció del medi ambient, que es manifesti en la &#xd;
tendència de prevenir els riscos ambientals en lloc d’actuar una vegada produïts. La nostra funció &#xd;
doncs, com organització adquireix un caràcter molt important front les nostres generacions futures. &#xd;
Per això la implantació de la ISO 14001 per al nostra l’IES serà un element que, a banda de complir &#xd;
legislacions, ens identifiqui i diferenciï de la resta de centres, per lo que es refereix a temes &#xd;
mediambientals, sent així partícips de l’augment significatiu de la cultura mediambiental de la nostra &#xd;
societat. &#xd;
Aquesta certificació doncs, només és un acta pel qual donen fe a l’IES del compliment d’uns &#xd;
requisits mediambientals, però que farà que posem un petit gra de sorra en el desenvolupament &#xd;
econòmic i social, satisfent les necessitats presents sense comprometre la capacitat de les &#xd;
generacions futures, mitjançant el respecte al medi ambient i la conservació dels recursos naturals &#xd;
del nostre planeta. &#xd;
Aquest treball serà en un equip multidisciplinari a l’escola: mestres , alumnes, psicopedagogs i la &#xd;
implicació de la família seran els pilars bàsics perquè aquest projecte tiri endavant.</subfield>
   </datafield>
   <datafield tag="653" ind2=" " ind1=" ">
      <subfield code="a">Àrees temàtiques de la UPC::Ensenyament i aprenentatge::Ensenyament secundari</subfield>
   </datafield>
   <datafield tag="653" ind2=" " ind1=" ">
      <subfield code="a">Environmental management</subfield>
   </datafield>
   <datafield tag="653" ind2=" " ind1=" ">
      <subfield code="a">Tecnologia</subfield>
   </datafield>
   <datafield tag="653" ind2=" " ind1=" ">
      <subfield code="a">Estalvi</subfield>
   </datafield>
   <datafield tag="653" ind2=" " ind1=" ">
      <subfield code="a">Reciclatge</subfield>
   </datafield>
   <datafield tag="653" ind2=" " ind1=" ">
      <subfield code="a">Sostenible</subfield>
   </datafield>
   <datafield tag="653" ind2=" " ind1=" ">
      <subfield code="a">Política Ambiental</subfield>
   </datafield>
   <datafield tag="653" ind2=" " ind1=" ">
      <subfield code="a">Sensibilització</subfield>
   </datafield>
   <datafield tag="653" ind2=" " ind1=" ">
      <subfield code="a">Formació</subfield>
   </datafield>
   <datafield tag="653" ind2=" " ind1=" ">
      <subfield code="a">Residus</subfield>
   </datafield>
   <datafield tag="653" ind2=" " ind1=" ">
      <subfield code="a">Soroll</subfield>
   </datafield>
   <datafield tag="653" ind2=" " ind1=" ">
      <subfield code="a">Abocament</subfield>
   </datafield>
   <datafield tag="653" ind2=" " ind1=" ">
      <subfield code="a">ISO 14001</subfield>
   </datafield>
   <datafield tag="653" ind2=" " ind1=" ">
      <subfield code="a">Sistemes de gestió mediambiental</subfield>
   </datafield>
   <datafield ind2="0" ind1="0" tag="245">
      <subfield code="a">Implantació d'un sistema de gestió mediambiental en un IES</subfield>
   </datafield>
</record></metadata></record></GetRecord></OAI-PMH>